000 00657nam a2200181Ia 4500
008 090630s9999 xx 000 0 und d
082 _b11213
100 _aरघुवंशी रमेश.
245 _aडॉ. आंबेडकरांची पत्रे.
_cरघुवंशी रमेश.
260 _bरघुवंशी.
300 _a108
600 _aरघुवंशी रमेश.
630 _aडॉ. आंबेडकरांची पत्रे.
655 _aइतर.
700 _aरघुवंशी रमेश.
730 _aडॉ. आंबेडकरांची पत्रे.
942 _cBOOK
999 _c263069
_d263069